Tilastot visalle Tonga-visa

Klikkaa tästä pelataksesi tätä visaa!

Yleistilastot

  • Tätä visaa on pelattu 142 kertaa
  • Keskiarvotulos 10 / 15

Vastaustilastot

VihjeVastaus% Oikein
Viralliset kieletEnglanti
99%
Viralliset kieletTonga
92%
Valtio, joka hallitsi Tongan ulkomaansuhteita 1900–1970, mutta ei koskaan täysin hallinnut TongaaYhdistynyt kuningaskunta
88%
Tongaa lähimpänä sijaitsevat valtiotSamoa
81%
PääkaupunkiNukuʻalofa
80%
Tongaa lähimpänä sijaitsevat valtiot (lukuun ottamatta merentakaisia alueita)Fidži
77%
Oseanian osa-alue, jossa Tonga sijaitseePolynesia
76%
Tongan lipussa oleva asiaRisti
75%
KansallisurheilulajiRugby union
68%
Lentävänä kettunakin tunnettu eläin, joita pidetään pyhinäHedelmälepakko
54%
Vuonna 1643 ensimmäisenä eurooppalaisena Tongan pääsaarella käynyt tutkimusmatkailijaAbel Tasman
47%
Tongan suurin kristitty kirkkokuntaMetodismi
46%
Tongan pääsaariTonga{tapu}
45%
ValuuttaPaʻanga
43%
Kuningas vuodesta 2015 lähtienTupou VI
40%

Tulosjakauma

Persentiili vastausten määrän mukaan

Jokaisen tuloksen saaneiden osuus

Tuloshistoriasi

Et ole pelannut tätä visaa